Most Knockouts in UFC History - Statistics

General Stats
  • This quiz has been taken 165 times
  • The average score is 5 of 15
Answer Stats
KOs Answer % Correct
15 Derrick Lewis
79%
11 Max Holloway
73%
11 Dustin Poirier
58%
11 Anderson Silva
57%
10 Francis Ngannou
55%
11 Anthony Johnson
31%
10 Cain Velasquez
20%
10 Donald Cerrone
17%
10 Junior Dos Santos
13%
9 Edson Barboza
11%
10 Michael Bisping
10%
13 Matt Brown
9%
11 Thiago Santos
8%
9 Andrei Arlovski
7%
9 Drew Dober
2%
No matching quizzes found
Score Distribution
Percent of People with Each Score
Percentile by Number Answered
Your Score History
You have not taken this quiz